[Event "London Classic op-B U2000 5th"]
[Site "London"]
[Date "2013.12.13"]
[Round "1"]
[White "Hjort, Helge"]
[Black "Rahman, K Azizur"]
[Result "1/2-1/2"]
[WhiteElo "1985"]
[BlackElo "1841"]
[PlyCount "150"]
[EventDate "2013.12.13"]
[EventType "swiss"]
[EventRounds "5"]
[EventCountry "ENG"]
[SourceTitle "EXT 2016"]
[Source "ChessBase"]
[SourceDate "2015.10.08"]
[SourceVersion "1"]
[SourceVersionDate "2015.10.08"]
[SourceQuality "1"]

1. d4 Nf6 2. Nf3 g6 3. c4 Bg7 4. Nc3 0-0 5. Bf4 d6 6. e3 Nbd7 7. Be2 b6 8. 0-0 Nh5 9. Bg5 h6 10. Bh4 Bb7 11. Nd2 Nhf6 12. Bf3 Qc8 13. Nd5 Re8 14. b4 c5 15. Nxf6+ Nxf6 16. bxc5 dxc5 17. Bxb7 Qxb7 18. dxc5 bxc5 19. Rb1 Qc6 20. Qc2 Rab8 21. Rxb8 Rxb8 22. Rb1 Rd8 23. f3 Qd7 24. Nb3 Qa4 25. Bf2 Rc8 26. Rd1 e6 27. e4 Bf8 28. Rd2 Nd7 29. Nc1 Qxc2 30. Rxc2 Nb6 31. Kf1 Be7 32. Ke2 Kf8 33. Nb3 Ke8 34. g4 Nd7 35. Bg3 Rc6 36. Kd3 Ra6 37. Bc7 Bd6 38. Bxd6 Rxd6+ 39. Kc3 Kd8 40. h4 Kc7 41. Rh2 Rd1 42. h5 g5 43. Kc2 Rg1 44. Rf2 f6 45. Nc1 Ne5 46. Nd3 Nxd3 47. Kxd3 Kd6 48. Rb2 Ra1 49. Ke3 Ke5 50. Rb5 Rxa2 51. Rxc5+ Kd6 52. Rc8 Ra3+ 53. Ke2 Rc3 54. Ra8 Rxc4 55. Rxa7 Rc7 56. Ra8 Ke5 57. Rh8 f5 58. exf5 exf5 59. Rxh6 fxg4 60. fxg4 Kf4 61. Rg6 Kxg4 62. h6 Rh7 63. Ra6 Kh5 64. Kf3 Rxh6 65. Rxh6+ Kxh6 66. Kg4 Kg6 67. Kg3 Kf5 68. Kf3 g4+ 69. Kg3 Kg5 70. Kg2 Kh4 71. Kh2 g3+ 72. Kg2 Kg4 73. Kg1 Kf3 74. Kf1 g2+ 75. Kg1 Kg3 1/2-1/2

[Event "Hampstead op U2200 05"]
[Site "Hampstead"]
[Date "2013.05.19"]
[Round "4"]
[White "Rahman, K Azizur"]
[Black "Sucikova, Svetlana"]
[Result "1/2-1/2"]
[WhiteElo "1986"]
[BlackElo "1901"]
[PlyCount "130"]
[EventDate "2013.05.18"]
[EventType "swiss"]
[EventRounds "5"]
[EventCountry "ENG"]
[SourceTitle "EXT 2014"]
[Source "ChessBase"]
[SourceDate "2013.11.20"]
[SourceVersion "1"]
[SourceVersionDate "2013.11.20"]
[SourceQuality "1"]

1. c4 e5 2. Nc3 Nc6 3. Nf3 g6 4. e4 Bg7 5. d3 d6 6. Be3 f5 7. Be2 Nf6 8. Qb3 Ne7 9. h3 h6 10. 0-0-0 c5 11. Nh2 f4 12. Bd2 Nc6 13. Rde1 Nd4 14. Qd1 Bd7 15. Nf3 a6 16. g3 fxg3 17. fxg3 b5 18. Nxd4 cxd4 19. Nd5 bxc4 20. Nxf6+ Bxf6 21. dxc4 Bg5 22. h4 Bxd2+ 23. Qxd2 Kf7 24. g4 g5 25. Ref1+ Kg7 26. Rf2 Be6 27. hxg5 Qxg5 28. Rhf1 Rhf8 29. Qxg5+ hxg5 30. Rxf8 Rxf8 31. Rxf8 Kxf8 32. Kc2 Ke7 33. b4 Kd7 34. a4 a5 35. Kb3 Kc6 36. bxa5 Kc5 37. a6 Bc8 38. a7 Bb7 39. Bd3 Kb6 40. Kb4 Bc6 41. a5+ Kxa7 42. Bc2 Bd7 43. Bd1 Be6 44. Bf3 d3 45. c5 dxc5+ 46. Kxc5 Bb3 47. Kd6 Ka6 48. Kxe5 Kxa5 49. Kf5 Kb6 50. Kxg5 Kc7 51. Kf6 d2 52. g5 d1Q 53. Bxd1 Bxd1 54. Ke7 Bc2 55. e5 Kc6 56. Kf6 Kd7 57. e6+ Ke8 58. g6 Bxg6 59. Kxg6 Ke7 60. Kf5 Ke8 61. Ke5 Ke7 62. Kd5 Ke8 63. Ke5 Ke7 64. Kf5 Ke8 65. Kf6 Kf8 1/2-1/2

[Event "Hampstead op U2200 05"]
[Site "Hampstead"]
[Date "2013.05.18"]
[Round "2"]
[White "Rahman, K Azizur"]
[Black "Pride, Stephen C"]
[Result "1-0"]
[WhiteElo "1986"]
[BlackElo "1828"]
[PlyCount "77"]
[EventDate "2013.05.18"]
[EventType "swiss"]
[EventRounds "5"]
[EventCountry "ENG"]
[SourceTitle "EXT 2014"]
[Source "ChessBase"]
[SourceDate "2013.11.20"]
[SourceVersion "1"]
[SourceVersionDate "2013.11.20"]
[SourceQuality "1"]

1. c4 b6 2. Nc3 Bb7 3. d4 e6 4. Nf3 f5 5. e3 Bb4 6. Bd2 Nf6 7. Be2 0-0 8. 0-0 d6 9. a3 Bxc3 10. Bxc3 Nbd7 11. b4 Qe7 12. Rc1 Ne4 13. Bb2 Rad8 14. Qb3 Kh8 15. Rfd1 c5 16. Qa4 a6 17. Qb3 Ba8 18. Ba1 Rg8 19. Rd3 Ndf6 20. h3 Qc7 21. Rcd1 Rgf8 22. dxc5 dxc5 23. Ne5 Kg8 24. Bf3 Rfe8 25. Qc2 Kf8 26. Qe2 Rxd3 27. Qxd3 Ng5 28. Bxa8 Rxa8 29. f3 Nf7 30. Nxf7 Kxf7 31. e4 g6 32. exf5 gxf5 33. Qc3 Qe7 34. Qd2 cxb4 35. axb4 Rc8 36. Qd4 Rc7 37. Qh4 Kg7 38. Bxf6+ Qxf6 39. Qg3+ 1-0

[Event "Civil Service Major op"]
[Site "London"]
[Date "2005.11.05"]
[Round "3"]
[White "Rahman, K Azizur"]
[Black "Kruszynski, Robert G"]
[Result "1-0"]
[WhiteElo "1808"]
[BlackElo "1712"]
[PlyCount "37"]
[EventDate "2005.11.05"]
[EventType "swiss"]
[EventRounds "5"]
[EventCountry "ENG"]
[SourceTitle "EXT 2007"]
[Source "ChessBase"]
[SourceDate "2006.11.23"]
[SourceVersion "1"]
[SourceVersionDate "2006.11.23"]
[SourceQuality "1"]

1. c4 e5 2. Nc3 Bb4 3. a3 Bxc3 4. bxc3 Nf6 5. g3 d5 6. Bg2 c6 7. cxd5 cxd5 8. Nf3 Nc6 9. 0-0 0-0 10. d3 h6 11. Rb1 Re8 12. Bb2 Bf5 13. Qb3 Rb8 14. Rfd1 Qe7 15. Rbc1 e4 16. Nd4 Nxd4 17. cxd4 e3 18. f4 Rbd8 19. a4 1-0